Normal view
MARC view
Entry Topical Term
001 - CONTROL NUMBER
- control field: 10150
003 - CONTROL NUMBER IDENTIFIER
- control field: BD-RjUL
005 - DATE AND TIME OF LATEST TRANSACTION
- control field: 20231122165053.0
008 - FIXED-LENGTH DATA ELEMENTS
- fixed length control field: 231122|| aca||aabn | a|a d
040 ## - CATALOGING SOURCE
- Original cataloging agency: BD-RjUL
- Transcribing agency: BD-RjUL
150 ## - HEADING--TOPICAL TERM
- Topical term or geographic name entry element: Small enterprises
- General subdivision: Rajshahi
670 ## - SOURCE DATA FOUND
- Source citation: Work cat.: (BD-RjUL)82330: Ali, Md. Rostam 10149, Financing of small and medium enterprises in Bangladesh : , 2019